| 000 | 00517pab a2200181 454500 | ||
|---|---|---|---|
| 008 | 180718b2010 xxu||||| |||| 00| 0 eng d | ||
| 100 | _aBennett, John | ||
| 245 | _aCommercial activity as insurance: The investment behaviour of non-profit organizations | ||
| 260 | _c2010 | ||
| 300 | _ap.445-465. | ||
| 362 | _aSep | ||
| 650 | _aNonprofit organizations | ||
| 700 | _aLegrenzi, Gabriella | ||
| 700 | _aIossa, Elisabetta | ||
| 773 | _aAnnals of Public and Cooperative Economics | ||
| 908 | _aN | ||
| 909 | _a89295 | ||
| 999 |
_c89295 _d89295 |
||